Navždy plynule : jak se rychle naučit cizí jazyk a nikdy ho nezapomenout /
Praktický průvodce učením cizím jazykům.
Uloženo v:
| Hlavní autor: | |
|---|---|
| Další autoři: | |
| Médium: | E-kniha |
| Jazyk: | Czech |
| Vydáno: |
V Brně :
Jan Melvil Publishing,
2020
|
| Vydání: | Vydání první |
| Edice: | Žádná velká věda
|
| Témata: | |
| Tagy: |
Žádné tagy |
| LEADER | 02214nam a2200481 i 4500 | ||
|---|---|---|---|
| 001 | 311208 | ||
| 003 | CZ PrSKC | ||
| 005 | 20260601215701.0 | ||
| 007 | ta | ||
| 008 | 200707s2020 xr a e 001 0 cze | ||
| 015 | |a cnb003237670 | ||
| 020 | |a 9788075550712 |q (brožováno) : |c Kč 349,00 | ||
| 035 | |a (OCoLC)1200256991 | ||
| 040 | |a OLA001 |b cze |d ABA001 |e rda | ||
| 041 | 1 | |a cze |h eng | |
| 072 | 7 | |a 81 |x Lingvistika. Jazyky |2 Konspekt | |
| 072 | 7 | |a 37.016 |x Učební osnovy. Vyučovací předměty. Učebnice |2 Konspekt | |
| 080 | |a 81'24 |2 MRF | ||
| 080 | |a (072) |2 MRF | ||
| 100 | 1 | |a Wyner, Gabriel |7 ola20201079790 |4 aut | |
| 240 | 1 | 0 | |a Fluent forever. |l Česky |
| 245 | 1 | 0 | |a Navždy plynule : |b jak se rychle naučit cizí jazyk a nikdy ho nezapomenout / |c Gabriel Wyner ; překlad Libuše Mohelská |
| 250 | |a Vydání první | ||
| 264 | 1 | |a V Brně : |b Jan Melvil Publishing, |c 2020 | |
| 300 | |a 367 stran : |b ilustrace ; |c 22 cm | ||
| 336 | |a text |b txt |2 rdacontent | ||
| 337 | |a bez média |b n |2 rdamedia | ||
| 338 | |a svazek |b nc |2 rdacarrier | ||
| 490 | 1 | |a Žádná velká věda | |
| 500 | |a Přeloženo z angličtiny | ||
| 504 | |a Obsahuje bibliografické odkazy a rejstřík | ||
| 520 | 2 | |a Praktický průvodce učením cizím jazykům. |b Pokud bude zájemce o výuku cizích jazyků principům fungování lidského mozku i novým postupům učení skutečně rozumět, pak pochopí komplexní jazykové jevy. Díky množství příkladů se navíc bude při učení bavit. | |
| 650 | 0 | 7 | |a studium jazyků |7 ph162895 |x metody |2 czenas |
| 650 | 0 | 9 | |a language learning |x methods |2 eczenas |
| 655 | 7 | |a metodické příručky |7 fd132826 |2 czenas | |
| 655 | 9 | |a methodological manuals |2 eczenas | |
| 700 | 1 | |a Mohelská, Libuše, |d 1974- |7 xx0015245 |4 trl | |
| 830 | 0 | |a Žádná velká věda | |
| 900 | |a ABA001 |b 20 | ||
| 044 | |a xr | ||
| 910 | |a RBIT002 | ||
| 998 | |d 207133 |a https://core.palmknihy.cz/api/books/207133/cover?qcdujf |b https://core.palmknihy.cz/api/books/207133/cover/400?qcdujf |c https://core.palmknihy.cz/api/books/207133/cover/50?qcdujf |e |g 368 |i 9788075550712 |j https://core.palmknihy.cz/api/books/207133/preview.epub |l |q 49 |r 1 |s https://www.palmknihy.cz/kniha/207133 |t ebook |y 2020 |z 0 | ||
| 999 | |d 311206 | ||